| 000 | 00446nam a2200169Ia 4500 | ||
|---|---|---|---|
| 001 | 25461 | ||
| 003 | IN-NITTTR | ||
| 005 | 20251114233323.0 | ||
| 008 | 251113s9999||||xx |||||||||||||| ||eng|| | ||
| 040 | _beng | ||
| 040 | _cIN-NITTTR | ||
| 041 | _aeng | ||
| 082 | _a378.11 V85M R | ||
| 100 | _aVohra, Amrit Lal | ||
| 245 | 0 |
_aManual of service conditions of teachers in universities and colleges in India / _cVohra, Amrit Lal |
|
| 942 |
_2ddc _cBK |
||
| 999 |
_c28090 _d28090 |
||